Státní účetnictví československé

Saved in:
Bibliographic Details
Main Author: Štefan, Josef
Format: Book
Language:Czech
Published: Brno Barvič a Novotný 1925
Edition:2. přeprac. vyd.
Subjects:
Tags: Add Tag
No Tags, Be the first to tag this record!

MARC

LEADER 00000nam a2200000 4500
001 c010038
005 20221207072729.4
041 0 |a cze 
044 |a CZ 
245 1 0 |a Státní účetnictví československé  |c Josef Štefan 
250 |a 2. přeprac. vyd. 
264 1 |a Brno  |b Barvič a Novotný  |c 1925 
300 |a 652 s. 
610 2 0 |a účtovníctvo 
610 2 0 |a hospodárstvo národné 
610 2 0 |a rozpočet štátny 
610 2 0 |a účtovanie 
610 2 0 |a samospráva 
100 1 |a Štefan, Josef